000
00382nam a2200145Ia 4500
008
100204s9999 xx 000 0 und d
082
_b
14676
100
_a
ओक जनार्दन
245
_a
माग
260
_b
"श्रध्दा प्रकाशन, पुणे"
_c
1991
300
_a
156
630
_a
माग
730
_a
माग
942
_c
BOOK
999
_c
459107
_d
459104